| 000 | 00676nam a22002057a 4500 | ||
|---|---|---|---|
| 003 | OSt | ||
| 005 | 20130409175147.0 | ||
| 008 | 130409s2012 sp ||||| |||| 00| 0 cat d | ||
| 020 | _a9788486469351 | ||
| 040 | _cCDMR | ||
| 100 | 1 |
_93112 _aMarthoz, Jean-Paul |
|
| 245 | 1 | 0 |
_aCorresponsals de les migracions _b: la cobertura informativa d'un fet global _cJean-Paul Marthoz ; adaptació a càrrec de Carles Solà i Marta Muixí |
| 260 |
_aBarcelona _bPol·len _cDL 2012 |
||
| 300 | _a232 p. | ||
| 490 | 0 |
_aL'Observatori _v3 |
|
| 500 | _aExemplar dedicat per l'autor | ||
| 650 | 0 | 4 |
_92560 _aCorresponsals de guerra |
| 650 | 0 | 4 |
_92799 _aPeriodisme _xAspectes socials |
| 942 |
_2udc _cMON |
||
| 999 |
_c6059 _d6059 |
||